[Event "8th U18 European Team Champion"]
[Site "?"]
[Date "2008.06.15"]
[Round "2.2"]
[White "Georgescu, Tiberiu"]
[Black "Vila Gazquez, Xavier"]
[Result "1-0"]
[WhiteElo "2384"]
[BlackElo "2418"]
[PlyCount "98"]
[EventDate "2008.06.14"]

1. d4 Nf6 2. g3 d5 3. Bg2 Bf5 4. Nf3 h6 5. O-O e6 6. c4 c6 7. Nc3 Bd6 8. Nd2
O-O 9. e4 dxe4 10. Ndxe4 Be7 11. Bf4 Nxe4 12. Nxe4 Qb6 13. c5 Qa6 14. Re1 b6
15. b4 Bxe4 16. Bxe4 Rd8 17. Qg4 Bf6 18. Rad1 Qa4 19. Bxh6 Nd7 20. Bf4 Nf8 21.
Bd6 Rac8 22. h4 Qxb4 23. h5 Rxd6 24. cxd6 Qxd6 25. d5 cxd5 26. Bxd5 Qc5 27. Bb3
Qg5 28. Qxg5 Bxg5 29. f4 Be7 30. Kg2 Bc5 31. Kf3 a5 32. g4 Bb4 33. Rc1 Bc5 34.
Red1 Re8 35. Ke4 f6 36. g5 Kf7 37. Rh1 Kg8 38. h6 gxh6 39. Rxh6 f5+ 40. Kf3 Rd8
41. Rd1 Rxd1 42. Bxd1 b5 43. Be2 b4 44. Bd1 Bd4 45. Be2 Kg7 46. Rh1 Nd7 47. Rc1
Bc3 48. Rh1 Kf7 49. Rd1 Ke7 {(....)} 1-0

[Event "8th U18 European Team Champion"]
[Site "?"]
[Date "2008.06.15"]
[Round "2.2"]
[White "Recuero Guerra, David"]
[Black "Sfarlog, Tudor-Vlad"]
[Result "1-0"]
[WhiteElo "2411"]
[BlackElo "2267"]
[PlyCount "47"]
[EventDate "2008.06.14"]

1. e4 g6 2. d4 Bg7 3. Nf3 d6 4. Bc4 c6 5. Qe2 d5 6. Bb3 dxe4 7. Ne5 e6 8. Qxe4
Nf6 9. Qh4 Nbd7 10. Nf3 b5 11. O-O a5 12. a4 O-O 13. Bg5 Qb6 14. Nbd2 Bb7 15.
Rfe1 Rfe8 16. Ne5 Nxe5 17. dxe5 Nd7 18. Ne4 Bxe5 19. Rad1 Qc7 20. Rxd7 Qxd7 21.
Bf6 Bd6 22. Re3 Bf8 23. Rd3 Qc7 24. Qxh7+ 1-0

[Event "8th U18 European Team Champion"]
[Site "?"]
[Date "2008.06.15"]
[Round "2.2"]
[White "Posedaru, Bogdan"]
[Black "Cabrera Trujillo, Jorge"]
[Result "1/2-1/2"]
[WhiteElo "2242"]
[BlackElo "2372"]
[PlyCount "110"]
[EventDate "2008.06.14"]

1. d4 Nf6 2. c4 g6 3. Nc3 Bg7 4. e4 O-O 5. Be3 d6 6. f3 Nc6 7. Nge2 a6 8. Qd2
Rb8 9. Rc1 Bd7 10. Nd1 b5 11. c5 e6 12. g3 Qe7 13. Bg2 Rfd8 14. O-O Be8 15.
cxd6 cxd6 16. Nf2 Rdc8 17. f4 Na7 18. g4 Rxc1 19. Rxc1 Rc8 20. Rxc8 Nxc8 21.
Qa5 Qb7 22. g5 Nd7 23. Qd8 Kf8 24. e5 Qb8 25. Bd2 Ne7 26. Qxb8 Nxb8 27. exd6
Nf5 28. Bb4 Bd7 29. Bc5 Ke8 30. b3 Bc6 31. Ng4 Bxg2 32. Kxg2 Nd7 33. Nf2 h5 34.
Ne4 Nb8 35. N4g3 Kd7 36. Nxf5 exf5 37. Kf3 Nc6 38. Ke3 Bf8 39. Nc1 Bxd6 40. Nd3
Ne7 41. Bxd6 Kxd6 42. Ne5 Nd5+ 43. Kf3 Ke6 44. Nd3 Nc3 45. Nc5+ Kd5 46. Nxa6
Nxa2 47. Ke3 Nc3 48. Nb4+ Kd6 49. Nd3 Nd5+ 50. Kf3 Ke6 51. Ne5 Nb4 52. Ke3 Nc2+
53. Kd3 Nb4+ 54. Ke3 Nc2+ 55. Kd3 Nb4+ 1/2-1/2

[Event "8th U18 European Team Champion"]
[Site "?"]
[Date "2008.06.15"]
[Round "2.3"]
[White "Toth, Ervin"]
[Black "Prohaszka, Peter"]
[Result "1/2-1/2"]
[WhiteElo "2407"]
[BlackElo "2506"]
[PlyCount "32"]
[EventDate "2008.06.14"]

1. d4 Nf6 2. Nf3 e6 3. g3 d5 4. Bg2 Be7 5. O-O O-O 6. c4 dxc4 7. Qc2 a6 8. Qxc4
b5 9. Qc2 Bb7 10. Bf4 Bd6 11. Bg5 Nbd7 12. Bxf6 Nxf6 13. Nbd2 Rc8 14. Nb3 Be4
15. Qc3 Nd5 16. Qc1 c5 1/2-1/2

[Event "8th U18 European Team Champion"]
[Site "?"]
[Date "2008.06.15"]
[Round "2.3"]
[White "Berczes, David"]
[Black "Bakos, Balazs"]
[Result "1-0"]
[WhiteElo "2453"]
[BlackElo "2385"]
[PlyCount "79"]
[EventDate "2008.06.14"]

1. d4 d5 2. Nf3 e6 3. c4 c5 4. cxd5 exd5 5. Nc3 Nc6 6. g3 Nf6 7. Bg2 Be7 8. O-O
O-O 9. dxc5 Bxc5 10. a3 d4 11. Na4 Bb6 12. b4 Bg4 13. Bb2 Re8 14. Re1 Bxf3 15.
Bxf3 Qd7 16. Qb3 Ne5 17. Bg2 Rad8 18. Nxb6 axb6 19. Rad1 d3 20. e4 d2 21. Re2
Qb5 22. Rexd2 Rxd2 23. Rxd2 Nc4 24. Rd4 Ne5 25. Qc2 h6 26. h3 h5 27. a4 Qc6 28.
Qxc6 bxc6 29. f4 c5 30. bxc5 bxc5 31. Rd1 Nc4 32. Bxf6 gxf6 33. Rc1 Nd6 34.
Rxc5 Nxe4 35. Rc4 Nxg3 36. a5 Re2 37. Ra4 Re7 38. a6 Ra7 39. Kf2 Nf5 40. Bf1
1-0

[Event "8th U18 European Team Champion"]
[Site "?"]
[Date "2008.06.15"]
[Round "2.3"]
[White "Gergacz, Attila"]
[Black "Fodor, Tamas Jr"]
[Result "1/2-1/2"]
[WhiteElo "2287"]
[BlackElo "2432"]
[PlyCount "43"]
[EventDate "2008.06.14"]

1. e4 e5 2. Nf3 Nc6 3. Bb5 a6 4. Bxc6 dxc6 5. O-O Bg4 6. d3 Qf6 7. Be3 Bxf3 8.
Qxf3 Qxf3 9. gxf3 Bd6 10. Nd2 Ne7 11. Rfd1 Ng6 12. Kf1 O-O 13. Ke2 f5 14. Nc4
c5 15. c3 Be7 16. Rg1 b5 17. Na5 fxe4 18. fxe4 Nf4+ 19. Bxf4 Rxf4 20. f3 Raf8
21. Raf1 R8f6 22. Rg4 1/2-1/2

[Event "8th U18 European Team Champion"]
[Site "?"]
[Date "2008.06.15"]
[Round "2.3"]
[White "Balog, Imre"]
[Black "Csirik, Andras"]
[Result "1-0"]
[WhiteElo "2415"]
[BlackElo "2225"]
[PlyCount "107"]
[EventDate "2008.06.14"]

1. Nf3 Nf6 2. g3 g6 3. Bg2 Bg7 4. O-O O-O 5. d4 d6 6. b3 c5 7. Bb2 Nfd7 8. c4
Nc6 9. e3 cxd4 10. exd4 e5 11. Nc3 exd4 12. Nb5 Nde5 13. Nfxd4 a6 14. Nxc6 bxc6
15. Nxd6 Bg4 16. Qd2 Nxc4 17. Nxc4 Qxd2 18. Nxd2 Bxb2 19. Rab1 Bc3 20. Ne4 Be5
21. Rbc1 Rfc8 22. Rc5 Bd4 23. Rc4 Be5 24. Rfc1 Be6 25. Rc5 Bd4 26. Rxc6 Rxc6
27. Rxc6 Rc8 28. Rxc8+ Bxc8 29. Nd6 Be6 30. Bf1 Bc5 31. Ne4 Bb4 32. Bxa6 Bf5
33. Nf6+ Kg7 34. Nd5 Ba3 35. Bc4 Be4 36. Nc3 Bc6 37. Kf1 Bb4 38. Nd1 f5 39. Ne3
Kf6 40. Ke2 Ke5 41. f4+ Kf6 42. Nc2 Bc5 43. b4 Bg1 44. h4 Ba4 45. Ne3 h6 46.
Nd5+ Kg7 47. b5 g5 48. hxg5 hxg5 49. Nc3 Bc2 50. Bd3 Bd4 51. Kd2 Bxd3 52. Kxd3
Bf2 53. Ne2 gxf4 54. gxf4 1-0

[Event "8th U18 European Team Champion"]
[Site "?"]
[Date "2008.06.15"]
[Round "2.4"]
[White "Mazur, Stefan"]
[Black "Endress, Anna"]
[Result "1-0"]
[WhiteElo "2180"]
[BlackElo "2038"]
[PlyCount "65"]
[EventDate "2008.06.14"]

1. e4 c5 2. Nf3 e6 3. c4 Nc6 4. Nc3 d6 5. d4 cxd4 6. Nxd4 Nf6 7. Be2 Be7 8. O-O
O-O 9. Be3 Bd7 10. f3 Nxd4 11. Bxd4 Bc6 12. Qd2 a6 13. Rfd1 Qc7 14. Rac1 Nd7
15. Nd5 exd5 16. cxd5 Ne5 17. dxc6 Nxc6 18. Qc3 Rfc8 19. Qb3 Bf8 20. Bb6 Qe7
21. Bc4 Nd8 22. Bd5 Ne6 23. Rc2 Qd7 24. Rdc1 Nf4 25. Bxf7+ Kh8 26. Rxc8 Rxc8
27. Rxc8 Qxc8 28. Qc4 Qd7 29. Be3 Nd3 30. Bd5 Nxb2 31. Qb3 Na4 32. Qxb7 Qb5 33.
Qf7 1-0

[Event "8th U18 European Team Champion"]
[Site "?"]
[Date "2008.06.15"]
[Round "2.4"]
[White "Klek, Hanna-Marie"]
[Black "Petenyi, Tamas"]
[Result "1/2-1/2"]
[WhiteElo "1919"]
[BlackElo "2251"]
[PlyCount "53"]
[EventDate "2008.06.14"]

1. e4 e5 2. Nf3 Nc6 3. d4 exd4 4. Nxd4 Bc5 5. Nxc6 Qf6 6. Qd2 dxc6 7. Nc3 Be6
8. Na4 Rd8 9. Bd3 Bd4 10. O-O c5 11. Qe2 Bd7 12. e5 Qe6 13. Nc3 Ne7 14. Re1 Bc6
15. Nb5 Rd7 16. Nxa7 Bd5 17. Nb5 Nc6 18. c4 Bxg2 19. Kxg2 O-O 20. Bf4 f6 21.
exf6 Qxf6 22. Bg3 Re7 23. Qc2 Nb4 24. Bxh7+ Kh8 25. Qg6 Qf3+ 26. Kh3 Ref7 27.
Qe4 1/2-1/2

[Event "8th U18 European Team Champion"]
[Site "?"]
[Date "2008.06.15"]
[Round "2.5"]
[White "Green, Andrew"]
[Black "Zelbel, Patrick"]
[Result "1-0"]
[WhiteElo "2021"]
[BlackElo "2246"]
[PlyCount "105"]
[EventDate "2008.06.14"]

1. e4 c5 2. Nf3 d6 3. d4 cxd4 4. Nxd4 Nf6 5. Nc3 Bd7 6. Be3 Ng4 7. Bc1 Nf6 8.
Be3 Ng4 9. Bc1 Nc6 10. h3 Nge5 11. Be3 Nxd4 12. Qxd4 e6 13. O-O-O a6 14. f4 Nc6
15. Qb6 Qxb6 16. Bxb6 Rc8 17. g4 Be7 18. Bg2 g5 19. e5 dxe5 20. fxe5 Bd8 21.
Be3 Bc7 22. Ne4 Bxe5 23. Nd6+ Bxd6 24. Rxd6 Nb4 25. Bxb7 Rxc2+ 26. Kb1 Rc7 27.
Rb6 Bb5 28. Be4 O-O 29. Bxg5 f5 30. gxf5 exf5 31. a4 fxe4 32. axb5 axb5 33. Bh6
Rfc8 34. Rg1+ Kh8 35. Bf4 Re7 36. Rb7 Rce8 37. Rxe7 Rxe7 38. Bd6 Nd5 39. Bxe7
Nxe7 40. Re1 Kg7 41. Rxe4 Nc6 42. Re6 Nd4 43. Rd6 Ne2 44. Ka2 Nf4 45. h4 Ng6
46. h5 Ne5 47. Rd5 Kf6 48. Rxb5 Nd3 49. Kb3 Kg7 50. Kc4 Nf4 51. b4 Kh6 52. Rf5
Nxh5 53. Rxh5+ 1-0

[Event "8th U18 European Team Champion"]
[Site "?"]
[Date "2008.06.15"]
[Round "2.5"]
[White "Kotainy, Jens"]
[Black "Nisbet, Alex Ian"]
[Result "0-1"]
[WhiteElo "2112"]
[BlackElo "1979"]
[PlyCount "92"]
[EventDate "2008.06.14"]

1. e4 c6 2. Nf3 d5 3. exd5 cxd5 4. Ne5 Nc6 5. d4 Nf6 6. Bb5 Bd7 7. Nxd7 Qxd7 8.
c3 e6 9. O-O Bd6 10. f4 O-O 11. Nd2 Qc7 12. Qf3 Rae8 13. Bd3 Nd7 14. Qh3 f5 15.
Nf3 Nf6 16. Ne5 Ne4 17. Be3 Rf6 18. Bxe4 fxe4 19. g4 Bxe5 20. dxe5 Rf7 21. Rf2
b6 22. Raf1 Ref8 23. Qh5 Ne7 24. Qh4 Ng6 25. Qg3 Qe7 26. g5 Qc7 27. Qg4 Qd7 28.
h4 Ne7 29. h5 Nf5 30. Qh3 g6 31. h6 Rc8 32. Rd2 Qb5 33. Kg2 Rfc7 34. Rfd1 a5
35. Kg1 Qa6 36. Kh1 b5 37. a3 Qb7 38. Bd4 b4 39. axb4 axb4 40. Kg1 bxc3 41.
bxc3 Kf7 42. Ra2 Qb3 43. Rad2 Nxd4 44. Rxd4 Rxc3 45. Qh4 Rg3+ 46. Kh2 Rcc3 0-1

[Event "8th U18 European Team Champion"]
[Site "?"]
[Date "2008.06.15"]
[Round "2.5"]
[White "Woods, Connor"]
[Black "Kaphle, Stephan"]
[Result "0-1"]
[WhiteElo "1881"]
[BlackElo "2136"]
[PlyCount "50"]
[EventDate "2008.06.14"]

1. e4 c5 2. b4 cxb4 3. a3 d5 4. exd5 Qxd5 5. Nf3 e6 6. axb4 Bxb4 7. c3 Be7 8.
Na3 Nc6 9. Nb5 Qd8 10. d4 Nf6 11. Bd3 O-O 12. O-O b6 13. c4 Bb7 14. Bb2 a6 15.
Nc3 Rc8 16. Bb1 Na5 17. Rxa5 bxa5 18. Ne5 Nd7 19. Qd3 g6 20. Ng4 f5 21. Nh6+
Kg7 22. Qe3 Bg5 23. Qxe6 Kxh6 24. f4 Bf6 25. g4 Bxd4+ 0-1

[Event "8th U18 European Team Champion"]
[Site "Szeged"]
[Date "2008.06.15"]
[Round "2.1"]
[White "Kulon, Klaudia"]
[Black "Vojinovic, Jovana"]
[Result "0-1"]
[WhiteElo "2194"]
[BlackElo "2217"]
[PlyCount "96"]
[EventDate "2008.06.14"]

1. e4 e6 2. d4 d5 3. Nc3 Nf6 4. Bg5 dxe4 5. Nxe4 Nbd7 6. Nf3 h6 7. Nxf6+ Nxf6
8. Bd2 a6 9. Bd3 c5 10. Qe2 cxd4 11. O-O-O Qb6 12. Bc4 Bd7 13. Ne5 Bb5 14. g4
Rc8 15. Bxb5+ axb5 16. g5 hxg5 17. Bxg5 Nd5 18. Nf3 Bc5 19. Qe4 Qa5 20. Nxd4
Bxd4 21. Qxd4 Qa4 22. b3 Qxa2 23. Qb2 Qxb2+ 24. Kxb2 f6 25. Bd2 Kf7 26. Ra1 Ra8
27. c4 bxc4 28. bxc4 Ne7 29. Rxa8 Rxa8 30. Rb1 Rd8 31. Kc3 Rd7 32. Be3 g5 33.
f3 Ng6 34. Rb5 Nh4 35. Rb2 Nxf3 36. Rf2 g4 37. h3 Ne5 38. Bd4 Kg6 39. Bxe5 fxe5
40. hxg4 Kg5 41. Re2 Kf4 42. Re1 e4 43. g5 e3 44. g6 Ke4 45. c5 Rg7 46. Rg1 e2
47. Kd2 Kf3 48. Ke1 Rd7 0-1

[Event "8th U18 European Team Champion"]
[Site "Szeged"]
[Date "2008.06.15"]
[Round "2.2"]
[White "Bucar, Natasa"]
[Black "Ignacz, Rozsa"]
[Result "1-0"]
[WhiteElo "1800"]
[BlackElo "2105"]
[PlyCount "83"]
[EventDate "2008.06.14"]

1. e4 c6 2. d4 d5 3. Nc3 dxe4 4. Nxe4 Bf5 5. Ng3 Bg6 6. Bc4 e6 7. N1e2 Bd6 8.
O-O Nf6 9. f4 Qc7 10. f5 exf5 11. Nxf5 Bxh2+ 12. Kh1 O-O 13. g3 Bxf5 14. Rxf5
Bxg3 15. Rxf6 Qe7 16. Rf3 Qh4+ 17. Kg2 Qh2+ 18. Kf1 Qh3+ 19. Kg1 Bh2+ 20. Kf2
Qh4+ 21. Ng3 Nd7 22. Kg2 Nf6 23. Bf4 Bxg3 24. Bxg3 Qg5 25. Bd3 Nd5 26. Qc1 Qxc1
27. Rxc1 Rfe8 28. Re1 Rxe1 29. Bxe1 g5 30. Bd2 h6 31. c4 Nc7 32. Bc3 Ne6 33.
Kf2 Rd8 34. Ke3 Nf4 35. Bf1 Kh7 36. Kf2 Kg6 37. Re3 Rd7 38. b4 h5 39. a4 a6 40.
Bb2 Ne6 41. Bd3+ f5 42. Rxe6+ 1-0

[Event "8th U18 European Team Champion"]
[Site "Szeged"]
[Date "2008.06.15"]
[Round "2.4"]
[White "Purgar, Ivona"]
[Black "Osmanodja, Filiz"]
[Result "0-1"]
[WhiteElo "2065"]
[BlackElo "1984"]
[PlyCount "78"]
[EventDate "2008.06.14"]

1. e4 c5 2. Nf3 d6 3. d4 cxd4 4. Nxd4 Nf6 5. Nc3 a6 6. Be3 e5 7. Nb3 Be6 8. f3
Be7 9. Qd2 O-O 10. O-O-O Nbd7 11. g4 Qc7 12. h4 b5 13. h5 b4 14. Nd5 Bxd5 15.
exd5 Nb6 16. Bxb6 Qxb6 17. g5 Nd7 18. Bd3 a5 19. Bxh7+ Kxh7 20. g6+ Kg8 21. h6
fxg6 22. Rdg1 Rf6 23. hxg7 Kxg7 24. Qh6+ Kf7 25. Qh7+ Ke8 26. Rxg6 Nf8 27. Rg8
a4 28. Qh5+ Kd8 29. Nd2 Qe3 30. Qg4 b3 31. Qc4 Rc8 32. Qb4 Rxc2+ 33. Kb1 Qxd2
34. Qb8+ Rc8 35. Qb6+ Ke8 36. axb3 Qc2+ 37. Ka1 Qxb3 38. Qa6 Rc2 39. Qa8+ Kf7
0-1